000 02051nam a22001577a 4500
041 _aukr
080 _a09
090 _bХАЛ
100 _aХаламенда, О. Б.
245 _aЛінгвопрагматичні особливості ток-шоу як жанру телевізійного дискурсу (на прикладі "The Ellen DeGeners Show" (USA), "The Graham Norton Show" (Great Britain), "The Marilyn Denis Show" (Canada),...)
260 _aОстрог
_bКАФ
_c2017
300 _a80
520 _aВступ. Розділ І. Культура мовлення як елемент ток-шоу. 1.1. Визначення мовознавства, мови і мовлення як важливої складової спілкування 1.2. Комунікативна лінгвістика та прагматика 1.3. Комунікативні стратегії і тактики мовленнєвої поведінки 1.4. Основні засади дискурсу 1.5. Загальні характеристики ток-шоу 1.6. Особливості поведінки і мовлення англомовних ведучих Розділ ІІ. Лінгвопрагматичні особливості мовленнєвої поведінки ведучих англомовних ток-шоу. 2.1. Особливості мовленнєвої поведінки Ellen DeGeneres в "The Ellen DeGeneres Show" (USA) 2.2. Репрезентація мовленнєвої поведінки Graham Norton в "The Graham Norton Show" (Great Britain) 2.3. Особливості мовлення Marylin Denis в "The Marylin Denis Show" (Canada) 2.4. Мовленнєва поведінка та її особливості у ведучого Rove McManus в ток-шоу "Rove LA" (Australia) Висновки. Список використаних джерел.
_0дискурс, ток-шоу, лінгвістика, прагматика
650 _aResearch Papers
999 _c285768
_d285768
942 _cBK